LEADER 01328nam a2200301 a 4500 001 000000125986 003 CaOOAMICUS 005 20110713114214.0 008 110713s2011 gw u000 u ger r 020 $a978-3-451-02242-5 040 $aPUL$bita 100 1 $aRömelt, Josef.$0(OLS)http://pul/name/50301 245 14$aDer kulturwissen-schaftliche Anspruch der theologischen Ethik /$cJosef Römelt. 260 $aFreiburg im Breisgau :$bHerder,$c©2011. 300 $a100 p. ;$c22 cm 490 1 $aQuaestiones disputatae ;$v242 504 $aInclude riferimenti bibliografici ed indice. 630 04$aBiblia.$pN.T.$xCritica e interpretazione.$0(OLS)http://pul/subject/1926 650 4$aEtica.$0(OLS)http://pul/subject/547 650 4$aTeologia.$0(OLS)http://pul/subject/118 830 0$aQuaestiones disputatae ;$v242.$0(OLS)http://pul/title/4920 850 $aPUL 852 $aPUL$W1$xSL Religione 2$y84$mTheol A6 242$j145167$qStampati Altre Collocazioni$B144165$CPULBib$Z2$F144165 $H117554 $82 941 1 $a10 996 $6020$a978-3-451-02242-5$9(OLS)http://pul/number/147741 996 $6245$aDer kulturwissen-schaftliche Anspruch der theologischen Ethik$9(OLS)http://pul/title/159036 996 $6260$aFreiburg im Breisgau :$bHerder$9(OLS)http://pul/publisher/48772 LEADER 01692nam a2200325 u 4500 001 000000075141 003 CaOOAMICUS 005 20070226123052.0 008 030306s2002 mnu u000 u eng u 020 $a0800660463 035 $a10955901 040 $aIPA$bita 100 1 $aBradshaw, Paul F.$0(OLS)http://pul/name/49868 245 14$aThe apostolic tradition :$ba commentary /$cby Paul F. Bradshaw, Maxwell E. Johnson, and L. Edward Phillips ; edited by Harold W. Attridge. 260 $aMinneapolis :$bFortress Press,$c2002. 300 $axviii, 247 p. ;$c25 cm 490 1 $aHermeneia : a critical and historical commentary on the Bible 500 $aComprende riferimenti bibliografici (p. 225-230) e indice. 600 04$aHippolytus,$cs.,$df. 217-235.$tTraditio apostolica$9(Hippolytus, s., f. 217-235).$0(OLS)http://pul/subject/8037 700 0 $aHippolytus,$cs.,$df. 217-235.$tTraditio apostolica$9(Hippolytus, s., f. 217-235)$lInglese.$0(OLS)http://pul/name/49869 700 1 $aAttridge, Harold W.,$d1946-$0(OLS)http://pul/name/12510 700 1 $aPhillips, L. Edward.$0(OLS)http://pul/name/49870 700 1 $aJohnson, Maxwell E.$0(OLS)http://pul/name/22259 830 0$aHermeneia : a critical and historical commentary on the Bible.$0(OLS)http://pul/title/16749 850 $aPUL 852 $aPUL$W1$xSL Religione 1$y3$m6(1) Eb 4$j96762$nBK-PRI$b $qStampati$B96762$CPULBib$Z2$F96762 $H91248 $81 941 1 $a8 996 $6020$a0800660463$9(OLS)http://pul/number/97854 996 $6245$aThe apostolic tradition :$ba commentary$9(OLS)http://pul/title/98547 996 $6260$aMinneapolis :$bFortress Press$9(OLS)http://pul/publisher/52703